[Event "Sachsen-ch U14 Girls"]
[Site "Sebnitz"]
[Date "2007.04.13"]
[Round "6"]
[White "Egold, Anna"]
[Black "Steinmetz, Charlotte"]
[Result "0-1"]
[WhiteElo "1036"]
[BlackElo "1020"]
[PlyCount "46"]
[EventDate "2007.04.10"]
[EventType "swiss"]
[EventRounds "7"]
[EventCountry "GER"]
[SourceTitle "EXT 2008"]
[Source "ChessBase"]
[SourceDate "2007.11.25"]
[SourceVersion "1"]
[SourceVersionDate "2007.11.25"]
[SourceQuality "1"]

1. e4 c5 2. Nf3 Nc6 3. Nc3 g6 4. d3 Bg7 5. Be3 Nf6 6. Be2 d6 7. 0-0 0-0 8. Rb1 Ng4 9. Ng5 Nxe3 10. fxe3 Bh6 11. h4 f6 12. Nf3 Bxe3+ 13. Kh1 Qd7 14. Nh2 Nd4 15. Bg4 f5 16. exf5 Nxf5 17. Rf3 Bd4 18. Qe2 Qc6 19. Ne4 Nxh4 20. Rxf8+ Kxf8 21. Rf1+ Kg7 22. Bf3 Nf5 23. Ng5 Ng3# 0-1